Statistics for Biggest English Counties by Population Quiz

Click here to take the quiz!

General Stats

  • This quiz has been taken 55 times
  • The average score is 8 of 10

Answer Stats

HintAnswer% Correct
8,778,500Greater London
98%
2,782,100Greater Manchester
91%
1,802,200Essex
81%
2,864,900West Midlands
81%
2,299,700West Yorkshire
79%
1,820,400Kent
77%
1,385,000South Yorkshire
77%
1,406,400Merseyside
72%
1,829,500Hampshire
70%
1,485,000Lancashire
58%

Score Distribution

Percentile by Number Answered

Percent of People with Each Score

Your Score History

You have not taken this quiz